| 000 | 01448nam0a2200349 i 4500 | ||
|---|---|---|---|
| 001 | RU\NLR\bibl\2056533 | ||
| 005 | 20240921134305.0 | ||
| 010 |
_a9785439603992 _93000 |
||
| 021 |
_aRU _b2013-49220 _93408 |
||
| 035 | _a(nilc)RuMoRGB-006599273 | ||
| 035 | _a(NLR Aleph) 002043412 | ||
| 090 |
_a4606986 _c4606986 |
||
| 100 | _a20130624d2013 k y0rusy50 ca | ||
| 101 | 0 | _arus | |
| 102 | _aRU | ||
| 105 | _ay zzzz||||| | ||
| 200 | 1 |
_aГражданский иск в уголовном деле как один из способов возмещения вреда, причиненного преступлением _eмонография _fА. Г. Дык, Н. Е. Муллахметова |
|
| 210 |
_aМосква _cЮрлитинформ _d2013 |
||
| 215 |
_a285, [1] с. _d22 |
||
| 225 | 1 | _aУголовный процесс | |
| 320 | _aБиблиогр.: с. 263-284 | ||
| 606 | 1 |
_aГражданский иск в уголовном процессе _yРоссийская Федерация _92313866 _3RU\NLR\auth\661384670 |
|
| 686 | _aХ629.317 | ||
| 700 | 1 |
_aДык _bА. Г. _gАлександр Геннадьевич _4070 |
|
| 701 | 1 |
_aМуллахметова _bН. Е. _gНаталья Евгеньевна _4070 |
|
| 801 | 0 |
_aRU _bRuMoRKP _c20130624 _gRCR |
|
| 801 | 2 |
_aRU _bРГБ _c20130711 _grcr |
|
| 801 | 1 |
_aRU _bRuMoRKP _c20130624 _2rusmarc |
|
| 801 | 2 |
_aRU _bNLR _c20130724 _grcr |
|
| 942 | _cBOOK | ||
| 980 | _aNBR | ||